000 00385nam a2200157Ia 4500
008 221030s9999 xx 000 0 und d
020 _a817722575
041 _aEnglish
082 _a105.23
_bDub
100 _aA. J. Dubrin
245 0 _aLeadership- Research Findings Practice, & Skills
260 _bBiztantra
_aNew Delhi
_c2005
300 _a572
650 _aManagement
942 _cBK
999 _c624
_d624